[Event "Belgrade-chT Quality"]
[Site "Belgrade"]
[Date "2021.11.07"]
[Round "8.8"]
[White "Zivojinovic, Branko"]
[Black "Simic, Ljubomir"]
[Result "0-1"]
[WhiteElo "1810"]
[BlackElo "1645"]
[PlyCount "25"]
[EventDate "2021.10.16"]
[EventType "team-tourn"]
[EventRounds "11"]
[EventCountry "SRB"]
[SourceTitle "EXT 2023"]
[Source "ChessBase"]
[SourceDate "2022.10.05"]
[SourceVersion "1"]
[SourceVersionDate "2022.10.05"]
[SourceQuality "1"]
[WhiteTeam "Belgrade Banjica"]
[BlackTeam "Belgrade Cirilo i Metodije"]
[WhiteTeamCountry "SRB"]
[BlackTeamCountry "SRB"]

1. d4 d5 2. Nf3 Nc6 3. Bf4 Nf6 4. e3 Nh5 5. Bg5 g6 6. Nbd2 Bg7 7. c4 Nf6 8. cxd5 Nxd5 9. Bc4 Na5 10. Qa4+ Nc6 11. Ne4 Nb6 12. Qb3 Nxc4 13. Qxc4 0-1

[Event "Belgrade-chT Quality"]
[Site "Belgrade"]
[Date "2021.10.29"]
[Round "5.8"]
[White "Vukojicic, Milan"]
[Black "Zivojinovic, Branko"]
[Result "1/2-1/2"]
[WhiteElo "1711"]
[BlackElo "1810"]
[PlyCount "25"]
[EventDate "2021.10.16"]
[EventType "team-tourn"]
[EventRounds "11"]
[EventCountry "SRB"]
[SourceTitle "EXT 2023"]
[Source "ChessBase"]
[SourceDate "2022.10.05"]
[SourceVersion "1"]
[SourceVersionDate "2022.10.05"]
[SourceQuality "1"]
[WhiteTeam "Belgrade Novi"]
[BlackTeam "Belgrade Banjica"]
[WhiteTeamCountry "SRB"]
[BlackTeamCountry "SRB"]

1. d4 d5 2. c4 c6 3. Nf3 Nf6 4. Nc3 Bf5 5. Bf4 e6 6. Qb3 Qb6 7. e3 Nbd7 8. Be2 Be7 9. 0-0 0-0 10. Nh4 Qxb3 11. axb3 Bc2 12. Bd1 Bd3 13. Be2 1/2-1/2

[Event "Belgrade-chT Quality"]
[Site "Belgrade"]
[Date "2021.10.17"]
[Round "2.8"]
[White "Zivojinovic, Branko"]
[Black "Turopoljac, Sanja"]
[Result "1-0"]
[WhiteElo "1810"]
[BlackElo "1371"]
[PlyCount "40"]
[EventDate "2021.10.16"]
[EventType "team-tourn"]
[EventRounds "11"]
[EventCountry "SRB"]
[SourceTitle "EXT 2023"]
[Source "ChessBase"]
[SourceDate "2022.10.05"]
[SourceVersion "1"]
[SourceVersionDate "2022.10.05"]
[SourceQuality "1"]
[WhiteTeam "Belgrade Banjica"]
[BlackTeam "Belgrade Obrenovac"]
[WhiteTeamCountry "SRB"]
[BlackTeamCountry "SRB"]

1. d4 c6 2. Nf3 d5 3. Bf4 Bf5 4. e3 e6 5. Bd3 Bxd3 6. Qxd3 Nf6 7. Nbd2 Bd6 8. Bg3 Bxg3 9. hxg3 Nbd7 10. c4 c5 11. cxd5 exd5 12. dxc5 Nxc5 13. Qb5+ Nfd7 14. b4 a6 15. Qe2 Ne6 16. Qd3 Nf6 17. g4 g6 18. g5 Nh5 19. Qc3 Nhg7 20. Qe5 Rc8 1-0

[Event "Belgrade City-chT"]
[Site "Belgrade"]
[Date "2019.05.16"]
[Round "4.6"]
[White "Matic, Petar"]
[Black "Zivojinovic, Branko"]
[Result "1-0"]
[WhiteElo "2173"]
[BlackElo "1890"]
[PlyCount "39"]
[EventDate "2019.05.13"]
[EventType "team-swiss"]
[EventRounds "5"]
[EventCountry "SRB"]
[SourceTitle "CBM 190 Extra"]
[Source "ChessBase"]
[SourceDate "2019.07.15"]
[SourceVersion "1"]
[SourceVersionDate "2019.07.15"]
[SourceQuality "1"]
[WhiteTeam "Novi Belgrade Technicka"]
[BlackTeam "Banjica II"]
[WhiteTeamCountry "SRB"]
[BlackTeamCountry "SRB"]

1. e4 e6 2. d4 d5 3. Nc3 Bb4 4. e5 c5 5. a3 Bxc3+ 6. bxc3 b6 7. Qg4 Kf8 8. Nf3 f5 9. exf6 gxf6 10. Qf4 Ke7 11. Bd3 Ba6 12. 0-0 Bxd3 13. cxd3 Qd6 14. Qh4 Kf7 15. Bf4 Qf8 16. Qh5+ Ke7 17. Rfe1 Kd7 18. Rxe6 Kxe6 19. Re1+ Kd7 20. Qxd5+ 1-0

[Event "Belgrade City-chT"]
[Site "Belgrade"]
[Date "2019.05.14"]
[Round "2.4"]
[White "Milosevic, Milos"]
[Black "Zivojinovic, Branko"]
[Result "1-0"]
[WhiteElo "2321"]
[BlackElo "1890"]
[PlyCount "69"]
[EventDate "2019.05.13"]
[EventType "team-swiss"]
[EventRounds "5"]
[EventCountry "SRB"]
[SourceTitle "CBM 190 Extra"]
[Source "ChessBase"]
[SourceDate "2019.07.15"]
[SourceVersion "1"]
[SourceVersionDate "2019.07.15"]
[SourceQuality "1"]
[WhiteTeam "Partizan"]
[BlackTeam "Banjica II"]
[WhiteTeamCountry "SRB"]
[BlackTeamCountry "SRB"]

1. e4 e6 2. d4 d5 3. Nd2 Nf6 4. e5 Nfd7 5. Bd3 c5 6. c3 cxd4 7. cxd4 Nc6 8. Ne2 a6 9. 0-0 h6 10. a3 Be7 11. b4 b5 12. Nb3 Nb6 13. Ng3 Bg5 14. f4 Bh4 15. Ne2 Be7 16. Nc5 Nc4 17. f5 Bxc5 18. bxc5 Qh4 19. Nf4 Qe7 20. fxe6 Bxe6 21. Nxe6 Qxe6 22. Bf5 Qe7 23. Qg4 g5 24. h4 Rg8 25. a4 b4 26. e6 f6 27. Qh5+ Kd8 28. Qf3 Kc7 29. Qxd5 N4a5 30. Be3 Rad8 31. Qe4 Qg7 32. d5 Ne5 33. d6+ Kb8 34. e7 Rde8 35. Qxb4+ 1-0

[Event "Belgrade Trophy 31st"]
[Site "Belgrade"]
[Date "2017.11.24"]
[Round "1"]
[White "Zivojinovic, Branko"]
[Black "Weinzettl, Ernst"]
[Result "0-1"]
[WhiteElo "1858"]
[BlackElo "2269"]
[PlyCount "57"]
[EventDate "2017.11.24"]
[EventType "swiss"]
[EventRounds "9"]
[EventCountry "SRB"]
[SourceTitle "CBM 181 Extra"]
[Source "ChessBase"]
[SourceDate "2017.12.12"]
[SourceVersion "1"]
[SourceVersionDate "2017.12.12"]
[SourceQuality "1"]

1. d4 Nf6 2. Bf4 d6 3. Nf3 g6 4. h3 Bg7 5. c3 0-0 6. e3 Nbd7 7. Nbd2 c5 8. Be2 b6 9. 0-0 Bb7 10. a4 a6 11. Rc1 cxd4 12. cxd4 Nd5 13. Bh2 e5 14. Nc4 Qe7 15. dxe5 dxe5 16. e4 Nf4 17. Nfd2 Rad8 18. Bxf4 exf4 19. f3 Nf6 20. Qb3 Nh5 21. Rfe1 Bc8 22. Kh2 Qh4 23. Nf1 Bxh3 24. Red1 Be6+ 25. Kg1 Ng3 26. Qc2 Rxd1 27. Rxd1 Rc8 28. b3 Bf8 29. Nh2 0-1

[Event "Belgrade Cup 16th"]
[Site "Belgrade"]
[Date "2016.05.09"]
[Round "1.4"]
[White "Sarovski, Nikola"]
[Black "Zivojinovic, Branko"]
[Result "1/2-1/2"]
[WhiteElo "1927"]
[BlackElo "1911"]
[PlyCount "46"]
[EventDate "2016.05.09"]
[EventType "team-swiss"]
[EventRounds "5"]
[EventCountry "SRB"]
[SourceTitle "CBM 172 Extra"]
[Source "ChessBase"]
[SourceDate "2016.06.21"]
[SourceVersion "1"]
[SourceVersionDate "2016.06.21"]
[SourceQuality "1"]
[WhiteTeam "BASK"]
[BlackTeam "Banjica"]
[WhiteTeamCountry "SRB"]
[BlackTeamCountry "SRB"]

1. d4 d5 2. c4 e6 3. Nc3 c6 4. e4 dxc4 5. Bxc4 Nf6 6. a4 b6 7. Nf3 Be7 8. Qe2 0-0 9. 0-0 a5 10. Rd1 Ba6 11. e5 Nd5 12. Nxd5 cxd5 13. Bb5 Bxb5 14. axb5 Nd7 15. Ra4 Rc8 16. h4 Bxh4 17. g3 Be7 18. Kg2 Re8 19. Rh1 Nf8 20. Be3 Qc7 21. Rc1 Qd7 22. Rh1 Qc7 23. Rc1 Qd7 1/2-1/2